000 00759nam a2200193 i 4500
001 146031
003 ES-MaACL
005 20260127062547.0
007 t|
008 071018s1930 sp ||||1| spa d
245 0 0 _aVelada en honor de Benito Espinosa celebrada en la Real Academia de Jurisprudencia y Legislación la noche del 21 de febrero de 1927 y organizada por el Excmo. Sr. Don Mario Méndez Bejarano.
260 _aMadrid :
_b[s.n.],
_c1930 (
_fImp. de José Murillo)
300 _a118 p. ;
_c20 cm.
700 1 _aMéndez Bejarano, Mario,
_d1857-1931
_980142
700 1 _aEspinosa, Benito.
_947876
700 _aReal Academia de Jurisprudencia y Legislación de España
_9217612
852 _aES-MaACL
_jB-4022
999 _c146031
_d146031